| 000 | 01039nam a2200277 a 4500 | ||
|---|---|---|---|
| 001 | BRCA_5475 | ||
| 005 | 20190320205109.0 | ||
| 008 | 020211s2006----mx-a######---#000-0#spa-# | ||
| 020 | _a9680301869 | ||
| 041 | _aspa | ||
| 044 | _amx | ||
| 050 | 4 |
_aBX2532.M4 _b.S25 2006 |
|
| 100 | 1 |
_aSalas Contreras, Carlos _913994 |
|
| 245 | 1 | 0 |
_aArqueología del ex convento de la encarnación de la ciudad de México _bedificio sede de la Secretaría de Educación Pública _cCarlos Salas Contreras. |
| 260 |
_aMéxico _bINAH _c2006 |
||
| 300 |
_a245 p. _bil. _c26 cm. |
||
| 440 | 0 |
_aColección Científica _pSerie arqueología _v493 _913995 |
|
| 500 | _aIncluye glosario | ||
| 504 | _aBibliografía: p. 227-233 | ||
| 610 | 2 | 4 |
_aConvento de la Encarnación (Ciudad de México) _913996 |
| 610 | 2 | 4 |
_aSecretaría de Educación Pública (México) _xEdificios _913997 |
| 650 | 1 | 4 |
_aExcavaciones (Arqueología) _zMéxico _913998 |
| 650 | 1 | 4 |
_aArqueología e historia _zMéxico _913999 |
| 651 | 4 |
_aCiudad de México _xAntigüedades _914000 |
|
| 942 |
_2lcc _cB |
||
| 999 |
_c5169 _d5169 |
||